Súčasný stav a vývoj maloobchodu na Slovensku bakalárska práca

Uložené v:
Podrobná bibliografia
Hlavný autor: Pavlík, Martin
Korporativný autor: Podnikovohospodárska fakulta EU so sídlom v Košiciach. Katedra obchodného podnikania
Ďalší autori: Gontkovičová, Barbora, 1986-
Médium: Kniha
Jazyk:Slovak
Vydavateľské údaje: Košice 2018
Tagy: Pridať tag
Žiadne tagy, Buďte prvý, kto otaguje tento záznam!

MARC

LEADER 00000nbm a2200000 4500
001 0245739
005 20181023140504.2
041 0 |a slo 
044 |a SK 
245 1 0 |a Súčasný stav a vývoj maloobchodu na Slovensku  |b bakalárska práca  |c Martin Pavlík ; školiteľ: Barbora Gontkovičová 
264 1 |a Košice  |c 2018 
300 |a 49 s. 
100 1 |a Pavlík, Martin 
700 1 |a Gontkovičová, Barbora, 1986- 
710 2 |a Podnikovohospodárska fakulta EU so sídlom v Košiciach. Katedra obchodného podnikania